Rosa Spagna 2012 - Statistics

Statistiche generali
  • Questo quiz è stato fatto 92 volte
  • Il punteggio medio è 14 su 23
Statistiche sulle risposte
Ruolo Club dell'epoca Calciatore % Corretto
Portiere Real Madrid Iker Casillas
100%
Real Madrid Sergio Ramos
99%
Centrocampista Barcellona Andrés Iniesta
96%
Barcellona Xavi
95%
Cheòsea Fernando Torres
89%
Barcellona Sergio Busquets
88%
Barcellona Gerard Piqué
86%
Barcellona Victor Valdès
85%
Manchester City David Silva
82%
Liverpool Pepe Reina
80%
Real Madrid Xabi Alonso
66%
Attaccante Barcellona Pedro
61%
Barcellona Cesc Fàbregas
49%
Valencia Jordi Alba
45%
Real Madrid Álvaro Arbeloa
42%
Siviglia Jesús Navas
39%
Difensore Real Madrid Raúl Albiol
38%
Atletico Madrid Juanfran
32%
Chelsea Juan Manuel Mata
31%
Athletic Bilbao Fernando Llorente
30%
Athletic Bilbao Javi Martinez
23%
Malaga Santiago Cazorla
19%
Siviglia Álvaro Negredo
11%
Nessun quiz corrispondente trovato
Distribuzione punteggi
Percentuale di utenti per punteggio
Percentile per numero di risposta
I tuoi punteggi nel tempo
Non hai fatto questo quiz